000
00244nam a22001097a 4500
008
160523b xxu||||| |||| 00| 0 eng d
020
_a
0838403387
041
_a
eng
080
_a
003.2
245
_a
The Writer's:
_c
Cheryl Gleen;
942
_2
udc
_c
BK
999
_c
2390
_d
2390